[Event "VIII Floripa Chess Open 2022 - LIRA - mesa 1 a 205 - HOTEL FAIAL - 206 a 246"]
[Site "Lira Tênis Clube - Florianópolis/SC"]
[Date "2022.01.25"]
[Round "3"]
[Board "16"]
[White "Acosta, Pablo Alejandro"]
[Black "Languidey, Simon Alejandro"]
[Result "0-1"]
[WhiteElo "2042"]
[BlackElo "2403"]
[PlyCount "82"]
[EventDate "2022.01.24"]
[EventRounds "10"]
[EventCountry "BRA"]

1. e4 e5 2. Nf3 Nc6 3. Bb5 Nge7 4. c3 g6 5. h4 h6 6. d4 exd4 7. Nxd4 d5 8. Qf3
Bd7 9. Be3 Bg7 10. Nd2 Ne5 11. Qe2 c6 12. Ba4 O-O 13. h5 g5 14. Bc2 Ng4 15.
O-O-O Nxe3 16. Qxe3 Qc7 17. Nf5 Nxf5 18. exf5 Rae8 19. Qd3 Bf6 20. Nc4 Qf4+ 21.
Kb1 Qxf2 22. Rd2 Qc5 23. Rhd1 a5 24. Qg3 Qxc4 25. Qd6 Kg7 26. Qxd7 Qc5 27. Qc7
Re7 28. Qg3 Rfe8 29. Bd3 b5 30. Rc2 Re3 31. Qf2 Qe7 32. g4 Qe5 33. Rcc1 Qf4 34.
Qg2 Qg3 35. Rc2 Qf4 36. Rcd2 b4 37. Rf2 Qd6 38. cxb4 Qxb4 39. Kc1 c5 40. Qg1 c4
41. Bb1 c3  0-1

[Event "VIII Floripa Chess Open 2022 - LIRA - mesa 1 a 205 - HOTEL FAIAL - 206 a 246"]
[Site "Lira Tênis Clube - Florianópolis/SC"]
[Date "2022.01.25"]
[Round "3"]
[Board "17"]
[White "Umetsubo, Cesar Hidemitsu"]
[Black "Florianovitz, Derlei Alex"]
[Result "1-0"]
[WhiteElo "2402"]
[BlackElo "2040"]
[PlyCount "81"]
[EventDate "2022.01.24"]
[EventRounds "10"]
[EventCountry "BRA"]

1. e4 e6 2. d4 d5 3. Nd2 c5 4. exd5 Qxd5 5. Ngf3 cxd4 6. Bc4 Qd7 7. O-O Nc6 8.
Nb3 a6 9. Nbxd4 Nxd4 10. Nxd4 Qc7 11. Qe2 Bd6 12. h3 Bh2+ 13. Kh1 Be5 14. Nf3
Bd6 15. Rd1 Nf6 16. Bg5 Bd7 17. Rd2 O-O-O 18. Bxa6 Bc6 19. Bb5 Bxf3 20. Qxf3
Qc5 21. Bxf6 gxf6 22. Bf1 Be5 23. Rad1 Rxd2 24. Rxd2 Rd8 25. Rxd8+ Kxd8 26. c3
Qb6 27. b4 Kc7 28. Kg1 Qd6 29. g3 Qd2 30. Bg2 Bxc3 31. Qxb7+ Kd6 32. Qc6+ Ke7
33. Qc5+ Kd7 34. Bc6+ Kd8 35. b5 Bb4 36. Qa7 Qd6 37. Qa8+ Kc7 38. Qb7+ Kd8 39.
b6 Qd1+ 40. Kg2 Qd2 41. Qc7#  1-0

[Event "VIII Floripa Chess Open 2022 - LIRA - mesa 1 a 205 - HOTEL FAIAL - 206 a 246"]
[Site "Lira Tênis Clube - Florianópolis/SC"]
[Date "2022.01.25"]
[Round "3"]
[Board "18"]
[White "Machado, Hualason Jose Soares"]
[Black "Rodi, Luis Ernesto"]
[Result "0-1"]
[WhiteElo "2041"]
[BlackElo "2347"]
[PlyCount "57"]
[EventDate "2022.01.24"]
[EventRounds "10"]
[EventCountry "BRA"]

1. Nf3 f5 2. c4 Nf6 3. g3 g6 4. Bg2 Bg7 5. d3 O-O 6. O-O d6 7. Qb3 Nc6 8. Nc3
e5 9. Bg5 h6 10. Bd2 Kh7 11. e3 g5 12. Nd5 Ne7 13. Nxf6+ Bxf6 14. Rac1 Ng6 15.
c5 d5 16. c6 b6 17. Bb4 Re8 18. e4 a5 19. Ba3 Be6 20. exd5 Bxd5 21. Nxg5+ Bxg5
22. Bxd5 Bxc1 23. Rxc1 Qf6 24. Qb5 Rad8 25. b3 e4 26. dxe4 fxe4 27. Qc4 Qf5 28.
Bb2 Rxd5 29. Qe2  0-1

[Event "VIII Floripa Chess Open 2022 - LIRA - mesa 1 a 205 - HOTEL FAIAL - 206 a 246"]
[Site "Lira Tênis Clube - Florianópolis/SC"]
[Date "2022.01.25"]
[Round "3"]
[Board "19"]
[White "Lima, Kleyton Alcantara"]
[Black "Rodrigues, Edgar"]
[Result "1/2-1/2"]
[WhiteElo "2033"]
[BlackElo "2345"]
[PlyCount "86"]
[EventDate "2022.01.24"]
[EventRounds "10"]
[EventCountry "BRA"]

1. e4 c5 2. c3 Nf6 3. e5 Nd5 4. Nf3 d6 5. d4 cxd4 6. cxd4 e6 7. Bc4 Be7 8. O-O
O-O 9. exd6 Qxd6 10. Nc3 Nxc3 11. bxc3 Nd7 12. Re1 b6 13. Qd3 Bb7 14. a4 Qc7
15. Bb3 Rac8 16. Bb2 Rfd8 17. Qe2 Bf6 18. Rac1 Qf4 19. Qd2 Qg4 20. h3 Qh5 21.
Bd1 Qa5 22. Qf4 Nf8 23. Ne5 Ng6 24. Nxg6 hxg6 25. Qe3 Bg5 26. f4 Bh4 27. Rf1
Ba6 28. Be2 Bxe2 29. Qxe2 Qxa4 30. Ra1 Qd7 31. Ra6 Rc7 32. Rfa1 Rb8 33. Qe3
Rbb7 34. Ba3 Bf6 35. Bb4 Rc4 36. Rd1 Qb5 37. Rda1 Qd7 38. Rd1 Qd5 39. Qd2 Rd7
40. Qa2 Rcc7 41. Qe2 Kh7 42. Kh2 Qb3 43. Rda1 Kg8  1/2-1/2

[Event "VIII Floripa Chess Open 2022 - LIRA - mesa 1 a 205 - HOTEL FAIAL - 206 a 246"]
[Site "Lira Tênis Clube - Florianópolis/SC"]
[Date "2022.01.25"]
[Round "3"]
[Board "20"]
[White "Labussiere, Victor"]
[Black "Piekarski, Atila Balzer"]
[Result "1-0"]
[WhiteElo "2341"]
[BlackElo "2032"]
[PlyCount "71"]
[EventDate "2022.01.24"]
[EventRounds "10"]
[EventCountry "BRA"]

1. e4 c6 2. d4 d5 3. e5 c5 4. dxc5 e6 5. Qg4 h5 6. Qf4 Bxc5 7. Nf3 Nc6 8. Bd3
Nb4 9. Qg3 Nxd3+ 10. cxd3 Kf8 11. O-O Bd7 12. d4 Be7 13. b3 Bb5 14. Re1 Bd3 15.
Ba3 Bxb1 16. Bxe7+ Nxe7 17. Raxb1 Rc8 18. Rbc1 Rxc1 19. Rxc1 Nc6 20. Qf4 h4 21.
b4 Rh5 22. a3 a6 23. g4 hxg3 24. hxg3 Ke7 25. g4 Rh8 26. Qg5+ Kf8 27. Qxd8+
Nxd8 28. Rc7 Ke8 29. Kg2 Rh7 30. a4 Rh6 31. b5 axb5 32. axb5 Rg6 33. Kg3 f5 34.
g5 b6 35. Kf4 Nf7 36. Rb7  1-0

[Event "VIII Floripa Chess Open 2022 - LIRA - mesa 1 a 205 - HOTEL FAIAL - 206 a 246"]
[Site "Lira Tênis Clube - Florianópolis/SC"]
[Date "2022.01.25"]
[Round "3"]
[Board "21"]
[White "Filgueiras, Nathan Felipe"]
[Black "Oliveira, Tiago Batista"]
[Result "1-0"]
[WhiteElo "2309"]
[BlackElo "2025"]
[PlyCount "53"]
[EventDate "2022.01.24"]
[EventRounds "10"]
[EventCountry "BRA"]

1. e4 e5 2. Nf3 Nc6 3. Bc4 Bc5 4. O-O Nf6 5. d3 h6 6. Nbd2 O-O 7. Bb3 d6 8. c3
Bg4 9. Re1 Re8 10. h3 Bh5 11. Nf1 d5 12. exd5 Nxd5 13. Ng3 Bg6 14. d4 Bb6 15.
dxe5 Nce7 16. Nd4 Qd7 17. e6 fxe6 18. Nxe6 Bf7 19. Nf4 Qd6 20. Ne4 Qe5 21. Nd3
Qf5 22. c4 Nf6 23. Ng3 Qg6 24. c5 Ba5 25. Ne5 Rad8 26. Nxg6 Rxd1 27. Nxe7+  1-0

[Event "VIII Floripa Chess Open 2022 - LIRA - mesa 1 a 205 - HOTEL FAIAL - 206 a 246"]
[Site "Lira Tênis Clube - Florianópolis/SC"]
[Date "2022.01.25"]
[Round "3"]
[Board "22"]
[White "Campos, Alexandre Ferreira"]
[Black "Pires, Marcos Vinicius Torsani"]
[Result "0-1"]
[WhiteElo "2032"]
[BlackElo "2302"]
[PlyCount "100"]
[EventDate "2022.01.24"]
[EventRounds "10"]
[EventCountry "BRA"]

1. g3 d5 2. Nf3 Nf6 3. Bg2 e6 4. c4 Be7 5. d4 O-O 6. O-O Nbd7 7. b3 c6 8. Nc3
b6 9. Bg5 Ba6 10. Nd2 h6 11. Bf4 Rc8 12. Rc1 Nh5 13. e3 Nxf4 14. gxf4 Nf6 15.
Re1 Bb4 16. Bf1 Bb7 17. Qf3 Qd7 18. Bg2 Rfd8 19. Red1 g6 20. cxd5 cxd5 21. Ncb1
Rc7 22. Qe2 Rdc8 23. Rxc7 Rxc7 24. a3 Bd6 25. Qd3 Qc8 26. Bf1 Kg7 27. f3 Qf8
28. b4 Be7 29. Qb3 Qc8 30. Bd3 Ne8 31. Kf2 Nd6 32. Ke2 Nc4 33. Bxc4 dxc4 34.
Qc3 Kh7 35. Ne4 f5 36. Ng3 b5 37. Nd2 Rd7 38. Nb1 Qa8 39. Rf1 Bd5 40. Nd2 a6
41. e4 Bb7 42. d5 Qd8 43. Qe5 Bf6 44. Qxe6 Bxd5 45. exd5 Re7 46. Rd1 Rxe6+ 47.
dxe6 Qd3+ 48. Ke1 Qe3+ 49. Ne2 Bh4+ 50. Kf1 Qf2#  0-1

[Event "VIII Floripa Chess Open 2022 - LIRA - mesa 1 a 205 - HOTEL FAIAL - 206 a 246"]
[Site "Lira Tênis Clube - Florianópolis/SC"]
[Date "2022.01.25"]
[Round "3"]
[Board "23"]
[White "Cadilhac, Igor Tokuichi Kikuchi"]
[Black "Cordero, Daniela"]
[Result "1-0"]
[WhiteElo "2283"]
[BlackElo "2011"]
[PlyCount "61"]
[EventDate "2022.01.24"]
[EventRounds "10"]
[EventCountry "BRA"]

1. e4 e6 2. d4 d5 3. Nc3 Nf6 4. e5 Nfd7 5. f4 c5 6. Nf3 Nc6 7. Be3 Rb8 8. a3 a6
9. dxc5 Nxc5 10. b4 Nd7 11. Bd3 Be7 12. Ne2 g5 13. O-O gxf4 14. Nxf4 Qc7 15.
Nh5 Ndxe5 16. Ng5 Bxg5 17. Bxg5 f5 18. Nf6+ Kf8 19. Qh5 Qf7 20. Qh4 Qg6 21. Be2
Nf7 22. Be3 d4 23. Bxd4 Nxd4 24. Qxd4 b6 25. Bh5 Qg7 26. Rad1 e5 27. Nd7+ Bxd7
28. Qxd7 f4 29. Bxf7 Qxf7 30. Qd6+ Kg7 31. Qxe5+  1-0

[Event "VIII Floripa Chess Open 2022 - LIRA - mesa 1 a 205 - HOTEL FAIAL - 206 a 246"]
[Site "Lira Tênis Clube - Florianópolis/SC"]
[Date "2022.01.25"]
[Round "3"]
[Board "24"]
[White "Rodrigues Mota, Romulo Cardoso S"]
[Black "Gazel, Frederico"]
[Result "1/2-1/2"]
[WhiteElo "2031"]
[BlackElo "2279"]
[PlyCount "46"]
[EventDate "2022.01.24"]
[EventRounds "10"]
[EventCountry "BRA"]

1. e4 c5 2. Nf3 e6 3. d4 cxd4 4. Nxd4 a6 5. Be2 Nf6 6. Nc3 Qc7 7. O-O Be7 8.
Kh1 Nc6 9. Be3 O-O 10. f4 d6 11. a4 Bd7 12. f5 Ne5 13. Qe1 Nc4 14. Bxc4 Qxc4
15. Nb3 b5 16. Nd2 Qc7 17. Qg3 Kh8 18. Ne2 bxa4 19. Nc3 Rfb8 20. fxe6 fxe6 21.
Rfb1 Rb4 22. Na2 Rb7 23. Bd4 e5  1/2-1/2

[Event "VIII Floripa Chess Open 2022 - LIRA - mesa 1 a 205 - HOTEL FAIAL - 206 a 246"]
[Site "Lira Tênis Clube - Florianópolis/SC"]
[Date "2022.01.25"]
[Round "3"]
[Board "25"]
[White "Guimaraes, Diogo Duarte"]
[Black "Peroza, Eduardo Antunes"]
[Result "1-0"]
[WhiteElo "2273"]
[BlackElo "2009"]
[PlyCount "113"]
[EventDate "2022.01.24"]
[EventRounds "10"]
[EventCountry "BRA"]

1. e4 c5 2. Nf3 Nc6 3. d4 cxd4 4. Nxd4 Nf6 5. Nc3 e5 6. Ndb5 d6 7. Bg5 a6 8.
Na3 b5 9. Nd5 Be7 10. Bxf6 Bxf6 11. c3 Bg5 12. Nc2 Be6 13. a4 Rb8 14. Ncb4 Bxd5
15. Nxd5 O-O 16. h4 Bh6 17. axb5 axb5 18. Ra6 Ne7 19. Nxe7+ Qxe7 20. Qxd6 Qb7
21. Qc6 Qxc6 22. Rxc6 Ra8 23. Rd6 Ra1+ 24. Rd1 Rfa8 25. Ke2 Bc1 26. b3 g6 27.
Kf3 Bb2 28. Bxb5 Bxc3 29. Rxa1 Bxa1 30. Ba4 Bd4 31. Rc1 Ra7 32. g4 f5 33. gxf5
gxf5 34. exf5 Rf7 35. Ke4 Bxf2 36. h5 Kg7 37. Kxe5 Bg3+ 38. Ke4 Kf6 39. Rc8 Bc7
40. Re8 Kg5 41. b4 Kxh5 42. Rg8 Re7+ 43. Kd5 Bf4 44. f6 Re5+ 45. Kd4 Rf5 46. f7
Bd6 47. Be8 Kh6 48. b5 Rf1 49. Kd5 Ba3 50. b6 Rd1+ 51. Kc6 Rf1 52. b7 Rc1+ 53.
Kb6 Bc5+ 54. Kb5 Bd6 55. b8=Q Rb1+ 56. Kc6 Rxb8 57. Kxd6  1-0

[Event "VIII Floripa Chess Open 2022 - LIRA - mesa 1 a 205 - HOTEL FAIAL - 206 a 246"]
[Site "Lira Tênis Clube - Florianópolis/SC"]
[Date "2022.01.25"]
[Round "3"]
[Board "26"]
[White "Boff, Lucas Strauss"]
[Black "Cominato Neto, Jose Luis"]
[Result "0-1"]
[WhiteElo "2023"]
[BlackElo "2272"]
[PlyCount "65"]
[EventDate "2022.01.24"]
[EventRounds "10"]
[EventCountry "BRA"]

1. Nf3 d5 2. c4 d4 3. b4 c5 4. e3 e6 5. Bb2 cxb4 6. Nxd4 e5 7. Nf3 e4 8. Nd4
Nf6 9. Be2 Bd6 10. Nb5 Bc5 11. Be5 O-O 12. Nc7 Bd6 13. Bxd6 Qxd6 14. Nxa8 Qe5
15. Qb3 Qxa1 16. Nc7 Qe5 17. Nb5 Nc6 18. O-O Ng4 19. Bxg4 Bxg4 20. Nd4 Nxd4 21.
exd4 Qxd4 22. Qxb4 b6 23. Re1 Be6 24. Na3 a5 25. Qb1 Qxd2 26. Rxe4 Bf5 27. Qe1
Qxa2 28. Re3 Be6 29. Qc3 Rd8 30. Re1 Qd2 31. Qe5 h6 32. h3 Qc3 {ILEGIVEL} 33.
Qb5  0-1

[Event "VIII Floripa Chess Open 2022 - LIRA - mesa 1 a 205 - HOTEL FAIAL - 206 a 246"]
[Site "Lira Tênis Clube - Florianópolis/SC"]
[Date "2022.01.25"]
[Round "3"]
[Board "27"]
[White "Villalba, Marcelo"]
[Black "Jimenez Capilla, Jose Alfonso"]
[Result "1/2-1/2"]
[WhiteElo "2258"]
[BlackElo "2002"]
[PlyCount "96"]
[EventDate "2022.01.24"]
[EventRounds "10"]
[EventCountry "BRA"]

1. e4 c5 2. Nf3 Nc6 3. d4 cxd4 4. Nxd4 Nf6 5. Nc3 e5 6. Ndb5 d6 7. Bg5 a6 8.
Na3 b5 9. Nd5 Be7 10. Bxf6 Bxf6 11. c4 b4 12. Nc2 a5 13. Be2 Bg5 14. O-O O-O
15. Bf3 Be6 16. Qd3 Rb8 17. Rfd1 Qd7 18. b3 Qa7 19. a4 Bd8 20. Qe2 Bb6 21. Nxb6
Qxb6 22. Rd3 Qc5 23. Rad1 Rbd8 24. Qd2 Rd7 25. Rxd6 Rfd8 26. Rxd7 Rxd7 27. Qe1
g6 28. Rxd7 Bxd7 29. Qd2 Be6 30. h3 Qe7 31. Qe3 Qd6 32. Kh2 Kg7 33. g3 h6 34.
Kg2 Qd7 35. h4 Bh3+ 36. Kg1 Qd6 37. Be2 f5 38. exf5 Bxf5 39. Ne1 Qd4 40. Nf3
Qxe3 41. fxe3 Bc2 42. Nd2 e4 43. c5 Kf6 44. Bb5 Ne7 45. Bd7 Nd5 46. Bc6 Ke5 47.
Kf2 Nc3 48. Ke1 Nd5  1/2-1/2

[Event "VIII Floripa Chess Open 2022 - LIRA - mesa 1 a 205 - HOTEL FAIAL - 206 a 246"]
[Site "Lira Tênis Clube - Florianópolis/SC"]
[Date "2022.01.25"]
[Round "3"]
[Board "28"]
[White "Cesarini Da Silva, Leonardo"]
[Black "Terao, Juliana Sayumi"]
[Result "1-0"]
[WhiteElo "2011"]
[BlackElo "2257"]
[PlyCount "69"]
[EventDate "2022.01.24"]
[EventRounds "10"]
[EventCountry "BRA"]

1. d4 d5 2. c4 e6 3. Nc3 Nf6 4. cxd5 exd5 5. Bg5 Be7 6. e3 c6 7. Bd3 Nbd7 8.
Qc2 O-O 9. Nge2 Re8 10. O-O Nf8 11. Rab1 a5 12. f3 g6 13. Rbe1 Ne6 14. Bh4 b5
15. Bf2 Bb7 16. h3 Rc8 17. e4 b4 18. Na4 c5 19. dxc5 Nd7 20. exd5 Nexc5 21. Bb5
Bxd5 22. Nf4 Bxa2 23. Nxc5 Rxc5 24. Bxc5 Bxc5+ 25. Kh1 Be3 26. Nd3 b3 27. Qc3
Re7 28. Nc1 Bxc1 29. Qxc1 Nf6 30. Qg5 Kg7 31. Qc5 Rc7 32. Qe5 Qc8 33. Ba6 Qd7
34. Rd1 Qc6 35. Rd6  1-0

[Event "VIII Floripa Chess Open 2022 - LIRA - mesa 1 a 205 - HOTEL FAIAL - 206 a 246"]
[Site "Lira Tênis Clube - Florianópolis/SC"]
[Date "2022.01.25"]
[Round "3"]
[Board "29"]
[White "Labussiere, Yago"]
[Black "Meza, Anahi"]
[Result "1-0"]
[WhiteElo "2257"]
[BlackElo "1996"]
[PlyCount "38"]
[EventDate "2022.01.24"]
[EventRounds "10"]
[EventCountry "BRA"]

1. c4 Nf6 2. Nc3 g6 3. e4 d6 4. g3 Bg7 5. Bg2 O-O 6. Nge2 e5 7. O-O Nbd7 8. d3
c6 9. h3 Ne8 10. Be3 Nc7 11. d4 a5 12. Qc2 Ne6 13. Rad1 exd4 14. Nxd4 Nxd4 15.
Bxd4 Bxd4 16. Rxd4 Qe7 17. Rfd1 Nb6 18. Qb3 Be6 19. Rxd6 {ilegivel} a4  1-0

[Event "VIII Floripa Chess Open 2022 - LIRA - mesa 1 a 205 - HOTEL FAIAL - 206 a 246"]
[Site "Lira Tênis Clube - Florianópolis/SC"]
[Date "2022.01.25"]
[Round "3"]
[Board "30"]
[White "Tomiello, Mateus Costamilan"]
[Black "Menna Barreto, Luiz Ney"]
[Result "0-1"]
[WhiteElo "2004"]
[BlackElo "2254"]
[PlyCount "98"]
[EventDate "2022.01.24"]
[EventRounds "10"]
[EventCountry "BRA"]

1. e4 c6 2. d4 d5 3. Nc3 dxe4 4. Nxe4 Nd7 5. Ng5 e6 6. Bd3 Ngf6 7. Ne2 Bd6 8.
O-O h6 9. Nf3 Qc7 10. c4 b6 11. Nc3 Bb7 12. h3 a6 13. Qe2 O-O 14. b3 c5 15. Ne4
cxd4 16. Nxd4 Bh2+ 17. Kh1 Be5 18. Bb2 Nc5 19. Nxf6+ Bxf6 20. Bc2 Rad8 21. Qe3
a5 22. Rad1 Rd7 23. Ba3 Rfd8 24. Nf3 Qc6 25. Rxd7 Rxd7 26. Rd1 Rxd1+ 27. Bxd1
Ne4 28. Ne1 Bh4 29. Bf3 Bxf2 30. Bxe4 Bxe3 31. Bxc6 Bxc6 32. Nd3 Be4 33. Bc1
Bxc1 34. Nxc1 f5 35. Kg1 Kf7 36. g3 g5 37. Kf2 e5 38. Ne2 Ke6 39. Nc3 Bc6 40.
a3 f4 41. b4 axb4 42. axb4 e4 43. gxf4 gxf4 44. b5 Bb7 45. Na4 Ke5 46. c5 e3+
47. Ke1 Bg2 48. Nxb6 f3 49. Nc4+ Kd4  0-1

[Event "VIII Floripa Chess Open 2022 - LIRA - mesa 1 a 205 - HOTEL FAIAL - 206 a 246"]
[Site "Lira Tênis Clube - Florianópolis/SC"]
[Date "2022.01.25"]
[Round "3"]
[Board "31"]
[White "Araujo, Everson De Moura"]
[Black "Marra, Eduardo Da Costa"]
[Result "1/2-1/2"]
[WhiteElo "2003"]
[BlackElo "2222"]
[PlyCount "64"]
[EventDate "2022.01.24"]
[EventRounds "10"]
[EventCountry "BRA"]

1. d4 Nf6 2. Nf3 g6 3. g3 Bg7 4. Bg2 O-O 5. O-O d6 6. c4 c6 7. Nc3 Bf5 8. Bf4
Ne4 9. Nd2 Nxc3 10. bxc3 e5 11. dxe5 dxe5 12. Be3 Na6 13. Qb3 Qc7 14. Ne4 Bxe4
15. Bxe4 f5 16. Bg2 f4 17. gxf4 exf4 18. Bd4 Rf5 19. Rab1 Rf7 20. Rfd1 Bf8 21.
Bh3 Re8 22. c5 Qe7 23. Rb2 Bg7 24. Qc4 Bxd4 25. cxd4 Kg7 26. Rd3 Qg5+ 27. Kh1
Ree7 28. Bg2 Qf6 29. Rb1 Qf5 30. Rbb3 g5 31. d5 cxd5 32. Bxd5 f3  1/2-1/2

[Event "VIII Floripa Chess Open 2022 - LIRA - mesa 1 a 205 - HOTEL FAIAL - 206 a 246"]
[Site "Lira Tênis Clube - Florianópolis/SC"]
[Date "2022.01.25"]
[Round "3"]
[Board "32"]
[White "Caetano, Ryan Wesley Da Costa"]
[Black "Araujo, Renan Aparecido"]
[Result "1-0"]
[WhiteElo "2217"]
[BlackElo "1986"]
[PlyCount "91"]
[EventDate "2022.01.24"]
[EventRounds "10"]
[EventCountry "BRA"]

1. d4 Nf6 2. c4 e5 3. dxe5 Ng4 4. Nc3 Nc6 5. e3 Ngxe5 6. f4 Ng6 7. Bd3 Bc5 8.
Nge2 d6 9. O-O O-O 10. Na4 Bg4 11. h3 Bxe2 12. Bxe2 Qe7 13. Nxc5 dxc5 14. Qb3
Nd4 15. exd4 Qxe2 16. f5 Ne7 17. f6 Ng6 18. fxg7 Rfe8 19. d5 b6 20. Bh6 Qh5 21.
Qf3 Qxf3 22. Rxf3 Re4 23. Raf1 Ne5 24. Rf5 Re8 25. b3 Re7 26. Bg5 Rd7 27. Bf6
Ng6 28. g3 Ne7 29. R5f4 Re2 30. R1f2 Re1+ 31. Rf1 Re2 32. h4 h6 33. g4 Nc8 34.
Ba1 Nd6 35. g5 h5 36. a3 a5 37. R4f2 Re4 38. Rg2 Rde7 39. Bf6 Re8 40. g6 fxg6
41. Rxg6 Rg4+ 42. Rxg4 hxg4 43. h5 Nf7 44. Rf4 Nh6 45. Kf2 Nf7 46. Rxg4  1-0

[Event "VIII Floripa Chess Open 2022 - LIRA - mesa 1 a 205 - HOTEL FAIAL - 206 a 246"]
[Site "Lira Tênis Clube - Florianópolis/SC"]
[Date "2022.01.25"]
[Round "3"]
[Board "33"]
[White "De Saboya E Silva, Jose Frederic"]
[Black "Pereira, Silvio Cunha"]
[Result "0-1"]
[WhiteElo "1999"]
[BlackElo "2217"]
[PlyCount "63"]
[EventDate "2022.01.24"]
[EventRounds "10"]
[EventCountry "BRA"]

1. c4 f5 2. g3 g6 3. Bg2 Bg7 4. Nc3 Nf6 5. d3 d6 6. e4 c6 7. Nge2 e5 8. O-O O-O
9. h3 f4 10. gxf4 Nh5 11. f5 Qh4 12. f4 gxf5 13. Qe1 Qxe1 14. Rxe1 exf4 15. Bf3
fxe4 16. Bxh5 f3 17. Nxe4 fxe2 18. Rxe2 Bxh3 19. Be3 Rf5 20. Ng3 Re5 21. Kh2
Bd7 22. Bf3 Na6 23. Nh5 Rf8 24. Rg1 Rxf3 25. Rxg7+ Kf8 26. Rxd7 Rfxe3 27. Rxe3
Rxe3 28. Nf6 Re7 29. Nxh7+ Ke8 30. Nf6+ Kf7 31. Rxd6 Re2+ 32. Kg3  0-1

[Event "VIII Floripa Chess Open 2022 - LIRA - mesa 1 a 205 - HOTEL FAIAL - 206 a 246"]
[Site "Lira Tênis Clube - Florianópolis/SC"]
[Date "2022.01.25"]
[Round "3"]
[Board "34"]
[White "Alboredo, Julia"]
[Black "Ferreira, Andrei Dias"]
[Result "1-0"]
[WhiteElo "2200"]
[BlackElo "1978"]
[PlyCount "39"]
[EventDate "2022.01.24"]
[EventRounds "10"]
[EventCountry "BRA"]

1. e4 c5 2. Nf3 e6 3. d4 cxd4 4. Nxd4 Nc6 5. Nc3 Qc7 6. Be3 a6 7. Qf3 Bd6 8.
O-O-O Be5 9. g3 Nxd4 10. Bxd4 Bxd4 11. Rxd4 Ne7 12. Bg2 Rb8 13. Qe2 b5 14. e5
Nf5 15. Rd2 d5 16. exd6 Nxd6 17. Qe5 Bb7 18. Rxd6 Bxg2 19. Rxe6+ Kd8 20. Rd1+
 1-0

[Event "VIII Floripa Chess Open 2022 - LIRA - mesa 1 a 205 - HOTEL FAIAL - 206 a 246"]
[Site "Lira Tênis Clube - Florianópolis/SC"]
[Date "2022.01.25"]
[Round "3"]
[Board "35"]
[White "Cantarino Neto, Mario Ribeiro"]
[Black "Guimaraes, Wagner Peixoto"]
[Result "0-1"]
[WhiteElo "1984"]
[BlackElo "2194"]
[PlyCount "34"]
[EventDate "2022.01.24"]
[EventRounds "10"]
[EventCountry "BRA"]

1. d4 d5 2. c4 c6 3. Nf3 Nf6 4. e3 e6 5. Nc3 Nbd7 6. Qc2 Bd6 7. Be2 O-O 8. O-O
dxc4 9. Bxc4 b5 10. Bd3 Bb7 11. Rd1 Qc7 12. e4 e5 13. dxe5 Nxe5 14. Nxe5 Bxe5
15. g3 a6 16. Ne2 c5 17. Bf4 c4  0-1

[Event "VIII Floripa Chess Open 2022 - LIRA - mesa 1 a 205 - HOTEL FAIAL - 206 a 246"]
[Site "Lira Tênis Clube - Florianópolis/SC"]
[Date "2022.01.25"]
[Round "3"]
[Board "36"]
[White "Abrantes, Tiago Garrido"]
[Black "Tamarozi, Isabelle"]
[Result "1/2-1/2"]
[WhiteElo "2187"]
[BlackElo "1970"]
[PlyCount "52"]
[EventDate "2022.01.24"]
[EventRounds "10"]
[EventCountry "BRA"]

1. d4 Nf6 2. c4 g6 3. g3 Bg7 4. Bg2 O-O 5. Nc3 d6 6. Nf3 Nc6 7. O-O e5 8. h3 a5
9. e3 Bf5 10. Re1 Re8 11. d5 Nb4 12. e4 Bd7 13. Rb1 Na6 14. a3 Nc5 15. b3 a4
16. b4 Nb3 17. Be3 h6 18. Qd3 Nxe4 19. Nxe4 f5 20. Nfd2 fxe4 21. Nxe4 Rf8 22.
c5 dxc5 23. bxc5 b6 24. cxb6 cxb6 25. Red1 Nd4 26. f4 Bb5  1/2-1/2

[Event "VIII Floripa Chess Open 2022 - LIRA - mesa 1 a 205 - HOTEL FAIAL - 206 a 246"]
[Site "Lira Tênis Clube - Florianópolis/SC"]
[Date "2022.01.25"]
[Round "3"]
[Board "37"]
[White "Gazola, Vanessa Ramos"]
[Black "Sega, Carlos Alberto"]
[Result "1/2-1/2"]
[WhiteElo "1976"]
[BlackElo "2186"]
[PlyCount "41"]
[EventDate "2022.01.24"]
[EventRounds "10"]
[EventCountry "BRA"]

1. d4 Nf6 2. c4 e6 3. Nf3 d5 4. Nc3 c6 5. cxd5 exd5 6. Qc2 Be7 7. Bf4 g6 8. e3
Bf5 9. Bd3 Bxd3 10. Qxd3 Nbd7 11. h3 O-O 12. O-O Re8 13. Rab1 a5 14. Ne5 Nxe5
15. Bxe5 Nd7 16. Bf4 Nb6 17. b3 Bd6 18. Bxd6 Qxd6 19. Na4 Nd7 20. Rbc1 Re7 21.
Qc2  1/2-1/2

[Event "VIII Floripa Chess Open 2022 - LIRA - mesa 1 a 205 - HOTEL FAIAL - 206 a 246"]
[Site "Lira Tênis Clube - Florianópolis/SC"]
[Date "2022.01.25"]
[Round "3"]
[Board "38"]
[White "Nogueira, Ivan Kuhlmann"]
[Black "Ribeiro, Fabiano Pinto"]
[Result "1-0"]
[WhiteElo "2186"]
[BlackElo "1831"]
[PlyCount "85"]
[EventDate "2022.01.24"]
[EventRounds "10"]
[EventCountry "BRA"]

1. e4 c5 2. Nf3 d6 3. Bb5+ Nd7 4. d4 a6 5. Bxd7+ Qxd7 6. Nc3 cxd4 7. Nd5 Qd8 8.
Qxd4 e6 9. Bg5 f6 10. Nb6 Rb8 11. Be3 Bd7 12. O-O-O Qc7 13. Rhe1 Rd8 14. Rd3
Bc6 15. Qc4 Qf7 16. Nd4 e5 17. Ne6 Rb8 18. Nd5 Bxd5 19. Nc7+ Kd8 20. Nxd5 Rc8
21. Bb6+ Kd7 22. Qa4+ Rc6 23. Nb4 Qc4 24. b3 Qb5 25. Nxc6 bxc6 26. Qxb5 axb5
27. c4 bxc4 28. bxc4 Ke6 29. Red1 Nh6 30. c5 Nf7 31. Bc7 dxc5 32. Ra3 Bd6 33.
Bxd6 Nxd6 34. Ra5 Rc8 35. f3 Rc7 36. a4 f5 37. exf5+ Nxf5 38. Rd8 Nh4 39. Raa8
Nxg2 40. a5 Nf4 41. a6 Nd5 42. a7 Nb6 43. Rab8  1-0

[Event "VIII Floripa Chess Open 2022 - LIRA - mesa 1 a 205 - HOTEL FAIAL - 206 a 246"]
[Site "Lira Tênis Clube - Florianópolis/SC"]
[Date "2022.01.25"]
[Round "3"]
[Board "39"]
[White "Silva, Kaua Marques"]
[Black "Nunes, Agatha Hurba"]
[Result "1-0"]
[WhiteElo "2170"]
[BlackElo "1828"]
[PlyCount "43"]
[EventDate "2022.01.24"]
[EventRounds "10"]
[EventCountry "BRA"]

1. e4 c5 2. Nf3 e6 3. g3 d5 4. exd5 exd5 5. Bg2 Qe7+ 6. Kf1 Nf6 7. d4 Bg4 8. h3
Bh5 9. g4 Bg6 10. Nc3 Be4 11. Ne5 Nbd7 12. Nxd7 Qxd7 13. g5 Bxg2+ 14. Kxg2 Ne4
15. Nxe4 dxe4 16. dxc5 Bxc5 17. Re1 O-O-O 18. Qxd7+ Rxd7 19. Rxe4 Rd1 20. Rc4
Re8 21. Rxc5+ Kd7 22. Rc3  1-0